| 000 | 00537nam a2200193 i 4500 | ||
|---|---|---|---|
| 001 | bg | ||
| 100 | 1 | _aBEHFOROOZ, Ali | |
| 245 | 0 |
_aAn introduction to computer science : _ba structured problem-solving approach / _cAli Behforooz, Onkar P. Sharma. |
|
| 260 |
_aEnglewood Cliffs : _bA Reston Book, _c1986. |
||
| 650 | 9 | _aInformatyka | |
| 700 | 1 | _aSHARMA, Onkar P. | |
| 020 | _a0835932672 | ||
| 040 | _cBPK | ||
| 041 | _apol | ||
| 080 | _a004 | ||
| 920 | _a0-8359-3267-2 | ||
| 942 | _cKS | ||
| 008 | s pl f |000 0 pol | ||
| 999 |
_c29732 _d29732 |
||
| 856 |
_uhttp://koha.tu.koszalin.pl/cgi-bin/koha/opac-detail.pl?biblionumber=29732 _yKatalog online BPK |
||